000 00293nam a22001337a 4500
008 170715b xxu||||| |||| 00| 0 eng d
020 _a047135144X
041 _aeng
080 _a572
100 _a24
101 _aANT
245 _aECOLOGICAL ANTHROPOLOGY
_cHARDESTY, D.L
942 _2udc
_cBK
999 _c21122
_d21122